000
00214 a2200097 4500
001
43660
100
_a
Carey
245
_a
Punctnation
260
_a
Cambridge
_b
Cambridge university press
_c
090
_c
27457
_d
27457
942
_a
NUST-CAE
_c
M
_c
19399
999
_c
278733
_d
278733